Logo Biblioteca

Martín Fierro / (Registro nro. 886)

Detalles MARC
000 -LEADER
fixed length control field 01160nam a22002897a 4500
003 - CONTROL NUMBER IDENTIFIER
control field AR-Ro-UNCS
005 - DATE AND TIME OF LATEST TRANSACTION
control field 20260209121206.0
008 - FIXED-LENGTH DATA ELEMENTS--GENERAL INFORMATION
fixed length control field 250805s2015 ag gr 001 pdspa
015 ## - NATIONAL BIBLIOGRAPHY NUMBER
National bibliography number AR-2015
020 ## - INTERNATIONAL STANDARD BOOK NUMBER
International Standard Book Number 978-987-32-0178-3
040 ## - CATALOGING SOURCE
Original cataloging agency AR-BaBN
Language of cataloging spa
Transcribing agency AR-RoUNCS
Description conventions aacr
044 ## - COUNTRY OF PUBLISHING/PRODUCING ENTITY CODE
MARC country code ag
ISO country code ar-c
080 1# - UNIVERSAL DECIMAL CLASSIFICATION NUMBER
Universal Decimal Classification number 82-1(82)
Edition identifier 2016
100 1# - MAIN ENTRY--PERSONAL NAME
Personal name Hernández, José,
Dates associated with a name 1834-1886
Relator term autor
Relationship aut
240 10 - UNIFORM TITLE
Uniform title Martín Fierro
245 10 - TITLE STATEMENT
Title Martín Fierro /
Statement of responsibility, etc. José Hernández ; ilustraciones de Eugenia Nobati.
250 ## - EDITION STATEMENT
Edition statement 1a ed.
260 ## - PUBLICATION, DISTRIBUTION, ETC.
Place of publication, distribution, etc. Buenos Aires :
Name of publisher, distributor, etc. Guadal,
Date of publication, distribution, etc. 2015.
300 ## - PHYSICAL DESCRIPTION
Extent 192 p. ;
Dimensions 20 cm.
500 ## - GENERAL NOTE
General note En tapa: "El libro uqe forjó la identidad argentina"
520 3# - SUMMARY, ETC.
Summary, etc. Traducido a más de treinta idiomas, el Martín Fierro cuenta la historia de un hombre de campo que pierde su libertad, obligado a alistarse en el ejército. Esta obra es un clásico argentino, hito de la poesía gauchesca que refleja el ambiente de una época que maró la historia argentina (Nota del editor).
650 #7 - SUBJECT ADDED ENTRY--TOPICAL TERM
Source of heading or term Literatura argentina
653 ## - INDEX TERM--UNCONTROLLED
Uncontrolled term Poesía guachesca
655 #7 - INDEX TERM--GENRE/FORM
Genre/form data or focus term Poesías
700 1# - ADDED ENTRY--PERSONAL NAME
Personal name Nobati, Eugenia
Relator term ilustrador
942 ## - ADDED ENTRY ELEMENTS (KOHA)
Source of classification or shelving scheme Universal Decimal Classification
Koha item type Libro de préstamo a domicilio
Suppress in OPAC No
Existencias
Withdrawn status Lost status Source of classification or shelving scheme Damaged status Not for loan Collection Home library Current library Date acquired Source of acquisition Total checkouts Full call number Barcode Date last seen Price effective from Koha item type
    Universal Decimal Classification     Colección General Biblioteca Escuela de Ciencias Sociales Biblioteca Escuela de Ciencias Sociales 09/02/2026 Donación 2025   82-1(82) H557 000450 09/02/2026 09/02/2026 Libro de préstamo a domicilio
Biblioteca de la Escuela Preuniversitaria en Ciencias Sociales y Humanísticas.
Riobamba 250 bis.
CP 2000 - Rosario - Santa Fe
E-Mail: biblioteca@esociales.unr.edu.ar